000 00960nam a2200229 a 4500
001 BRCA_1845
005 20190320203555.0
008 930927s1992 mx-#---##b---s000-0#spa-#
020 _a968842370X
040 _aDLC
_cDLC
_dDLC
050 4 _aF1221.T9
_b.A98 1992
245 1 0 _aAutos seguidos por algunos de los naturales del pueblo de Chamula en contra de su cura don José Ordóñez y Aguiar por varios excesos que le suponían, 1779.
260 _aMéxico
_bGobierno del Estado de Chiapas : Universidad Autónoma de Chipas : UNAM, Facultad de Derecho
_c1992
300 _a1100 p.
_c32 cm.
600 1 4 _aOrdóñez y Aguiar, Joseph
_95728
650 1 4 _aDominicanos
_xMisiones
_zMéxico
_95729
650 1 4 _aTzotzils
_xHistoria
_ySiglo XVIII
_zMéxico
_95730
650 1 4 _aIndígenas Tzotzil
_xMisiones
_zMéxico
_95731
651 4 _aChamula (México)
_xHistoria
_ySiglo XVIII
_95732
651 4 _aMéxico
_xHistoria
_yEspaña colonial 1540-1810
_95701
942 _2lcc
_cB
999 _c1624
_d1624